| 000 | 00620nam a2200193Ia 4500 | ||
|---|---|---|---|
| 003 | 0 | ||
| 005 | 20231106103307.0 | ||
| 008 | 140724s9999 xx 000 0 und d | ||
| 050 |
_aBF 637 _b.B171 2011 |
||
| 100 | _aAlvarado, John Edryck G. | ||
| 245 |
_aEco-anxiety and openness to experience of young adults who experience natural calamities _cAlvarado, John Edryck G. |
||
| 260 |
_aLas PiƱas, Philippines : _bSouthville International School and Colleges, _cc2011. |
||
| 300 |
_a215 p. : _bill. ; _c28 cm. |
||
| 500 | _aStress. | ||
| 501 | _aAnxiety. | ||
| 521 | _aPsychology | ||
| 942 |
_cTH _2lcc |
||
| 999 |
_c229159 _d229159 |
||